000 02769nam0a2200445 4500
001 RU\NLR\BIBL_A\021980666
005 20230725104552.0
010 _a978-5-9704-7488-4
_91000
021 _aRU
_bКН-П-23-037768
_9КН-П-23-3746
035 _a(NLR Aleph) 021980666
035 _a(RuMoRGB)011843039
090 _a12397408
_c12397408
100 _a20230713d2023 u y0rusy50 ca
101 0 _arus
102 _aRU
105 _a |||j|||001zy
181 0 _ai3
_baxxe
182 0 _an
200 1 _aМедицинская реабилитация
_eучебник для студентов учреждений высшего профессионального образования, обучающихся по специальностям 31.05.01 "Лечебное дело", 31.05.02 "Педиатрия" по дисциплине "Медицинская реабилитология"
_f[Вахова Екатерина Леонидовна, Глазкова Ирина Ивановна, кандидаты мед. наук, доценты, Епифанов Александр Витальевич, д-р мед. наук, проф., акад. РАМТН и др.]
_gпод редакцией профессора А. В. Епифанова [и др.]
_gМинистерство науки и высшего образования РФ
203 _aТекст
_bвизуальный
_cнепосредственный
205 _a3-е изд., перераб. и доп.
210 _aМосква
_cГЭОТАР-Медиа
_d2023
215 _a684 с.
_cил., табл.
_d25
225 1 _aУчебник
300 _aАвт. указаны на 11-й с.
320 _aБиблиогр.: с. 655-657
320 _aПредм. указ.: с. 658-684
606 1 _aРеабилитация (мед.)
_jУчебники для высших учебных заведений
_2nlr_sh1
_2nlr_sh2
_3RU\NLR\AUTH\6620679
610 0 _aмедицинская реабилитация
686 1 _aР35я73-1
701 1 _aВахова
_bЕ. Л.
_gЕкатерина Леонидовна
701 1 _aГлазкова
_bИ. И.
_gИрина Ивановна
701 1 _aЕпифанов
_bА. В.
_f1959-
_gАлександр Витальевич
702 1 _aЕпифанов
_bВ. А.
_cд-р мед. наук, реабилитолог
_f1934-2024
_gВиталий Александрович
_3RU\NLR\AUTH\770148242
_4340
712 0 1 _aРоссийская Федерация
_bМинистерство науки и высшего образования
_3RU\NLR\AUTH\880480400
_4570
942 _cBOOK
980 _aNB